L`Italia del seicento (1600-1700)

Shranjeno v:
Bibliografske podrobnosti
Glavni avtor: Montanelli, Indro; Gervaso, Roberto
Format: Knjiga
Jezik:Undetermined
Izdano: Milan, Italia BUR 2009
Izdaja:7
Teme:
Oznake: Označite
Brez oznak, prvi označite!

MARC

LEADER 00000nam a2200000Ia 4500
008 170316s9999 xx 000 0 und d
999 |c 8178  |d 8178 
040 |a cru BVZT 
090 |a 850 M-6i 
100 |a Montanelli, Indro; Gervaso, Roberto 
245 |a L`Italia del seicento (1600-1700)  |c / Montanelli Indro ; Roberto Gervaso 
250 |a 7 
260 |a Milan, Italia  |b BUR  |c 2009 
300 |a 383 páginas 
650 |a LITERATURA ITALIANA  |9 212 
650 |a EN IDIOMA ITALIANO 
650 |a HISTORIA  |9 90 
942 |c 15 D  |h 850 M-6i  |2 z